All MBTA Commuter rail stations - Statistics

General Stats
  • This quiz has been taken 70 times
    22 since last reset
  • The average score is 90 of 158
Answer Stats
Hint Answer % Correct
1 | 18 | 26 | 41 North Station
100%
59 | 68 | 85 | +3 others South Station
100%
16 Fitchburg
87%
84 Worcester
87%
69 | 86 | 103 | 115 Back Bay
80%
131 Braintree
80%
150 Middleborough
80%
126 Providence
80%
131 Quincy Center
80%
100 Forge Park/495
73%
101 Foxboro
73%
99 Franklin
73%
57 Gloucester
73%
40 Haverhill
73%
50 Ipswich
73%
25 Lowell
73%
58 Rockport
73%
87 | 104 | 116 Ruggles
73%
46 Salem
73%
22 Anderson/Woburn
67%
124 Attleboro
67%
47 Beverly
67%
147 Brockton
67%
42 Chelsea
67%
79 Framingham
67%
144 Kingston
67%
38 Lawrence
67%
44 Lynn
67%
27 Malden Center
67%
123 Mansfield
67%
30 Melrose/Cedar Park
67%
77 Natick Center
67%
155 New Bedford
67%
52 Newburyport
67%
125 Pawtucket/Central Falls
67%
2 Porter
67%
81 Southborough
67%
45 Swampscott
67%
127 TF Green Airport
67%
17 Wachusett
67%
78 West Natick
67%
37 Andover
60%
73 Auburndale
60%
71 Boston Landing
60%
39 Bradford
60%
120 Canton Center
60%
151 East Taunton
60%
66 Fairmount
60%
153 Fall River
60%
88 | 105 Forest Hills
60%
130 JFK/UMass
60%
55 Manchester
60%
60 Newmarket
60%
72 Newtonville
60%
24 North Billerica
60%
34 Reading
60%
51 Rowley
60%
121 Stoughton
60%
5 Waltham
60%
82 Westborough
60%
128 Wickford Junction
60%
140 Abington
53%
80 Ashland
53%
13 Ayer
53%
3 Belmont
53%
6 Brandeis/Roberts
53%
119 Canton Junction
53%
154 Church Street
53%
9 Concord
53%
83 Grafton
53%
138 Greenbush
53%
49 Hamilton/Wenham
53%
145 Holbrook/Randolph
53%
70 Lansdowne
53%
12 Littleton/Route 495
53%
112 Needham Center
53%
48 North Beverly
53%
35 North Wilmington
53%
28 Oak Grove
53%
67 | 90 Readville
53%
43 River Works
53%
14 Shirley
53%
97 Walpole
53%
4 Waverley
53%
75 Wellesley Hills
53%
19 West Medford
53%
72 West Newton
53%
109 West Roxbury
53%
21 Winchester Center
53%
36 Ballardvale
47%
65 Blue Hill Ave
47%
62 Four Corners/Geneva
47%
143 Halifax
47%
89 | 117 Hyde Park
47%
31 Melrose Highlands
47%
113 Needham Heights
47%
111 Needham Junction
47%
98 Norfolk
47%
15 North Leominster
47%
122 Sharon
47%
33 Wakefield
47%
74 Wellesley Farms
47%
56 West Gloucester
47%
141 Whitman
47%
23 Wilmington
47%
54 Beverly Farms
40%
149 Bridgewater
40%
136 Cohasset
40%
92 Dedham Corp Center
40%
132 East Braintree/Weymouth Landing
40%
152 Freetown
40%
32 Greenwood
40%
142 Hanson
40%
110 Hersey
40%
8 Lincoln
40%
146 Montello
40%
64 Morton Street
40%
137 North Scituate
40%
106 Roslindale Village
40%
11 South Acton
40%
124 South Attleboro
40%
139 South Weymouth
40%
20 Wedgemere
40%
10 West Concord
40%
29 Wyoming Hill
40%
107 Bellevue
33%
148 Campello
33%
93 Islington
33%
53 Montserrat
33%
135 Nantasket Junction
33%
95 Norwood Central
33%
94 Norwood Depot
33%
118 Route 128 - Westwood
33%
63 Talbot Ave
33%
76 Wellesley Square
33%
134 West Hingham
33%
133 East Weymouth
27%
7 Kendal Green
27%
61 Uphams Corner
20%
96 Windsor Gardens
20%
108 Highland
13%
91 Endicott
13%
No matching quizzes found
Score Distribution
Percent of People with Each Score
Percentile by Number Answered
Your Score History
You have not taken this quiz since the last reset